| 000 | 00567nam a22001817a 4500 | ||
|---|---|---|---|
| 005 | 20251108170531.0 | ||
| 008 | 250721s1995 xx 000 0 ara d | ||
| 082 | 1 | 4 | _aط/ق |
| 100 | 1 | _aالشاروني، يعقوب | |
| 245 | 1 | 0 | _aفوق القنطرة / |
| 264 | 1 |
_aالقاهرة : _bدار نهضة مصر، _c[1995]. |
|
| 490 | 0 | _aبابا ... احكة لي حكاية | |
| 650 | 1 | 7 | _aالقصص العربية |
| 653 | _aاطفال مرحلة متوسطة (6-9) سنوات | ||
| 700 | 1 |
_aخطاب، آمال _eCart. |
|
| 942 |
_2ddc _cBK |
||
| 999 |
_c42865 _d42865 |
||